Žiarenie - hrozba i nádej

Enregistré dans:
Détails bibliographiques
Auteurs principaux: Tölgyessy, Juraj (Auteur), Kenda, Milan (Auteur)
Format: Livre
Langue:slovaque
Publié: Bratislava : Obzor, 1976
Tags: Ajouter un tag
Pas de tags, Soyez le premier à ajouter un tag!

MARC

LEADER 00000nam a22000003a 4500
001 stu141606
005 20150617225927.8
008 070522s1976------------------------slo-d
040 |a STU  |b slo 
041 0 |a slo 
080 |a 539.12 
100 1 |a Tölgyessy, Juraj  |4 aut 
245 1 |a Žiarenie - hrozba i nádej 
260 |a Bratislava :  |b Obzor,  |c 1976 
300 |a 371 s 
700 1 |a Kenda, Milan  |4 aut 
996 |b E46023  |c E*46023  |l EE10  |s P  |a 0  |w stu141606_0001